Handbook of polymer-modified concrete and mortars : properties and process technology /

Guardado en:
Autor Principal: Ohama, Yoshihiko.
Formato: Libro
Idioma:English
Publicado: Park Ridge, N.J. : Noyes Publications, c1995.
Materias:
Acceso en línea:Descripción
Tabla de contenido
Etiquetas: Agregar Etiqueta
Sin Etiquetas, Sea el primero en etiquetar este registro!
LEADER 00901cam a22002295a 4500
001 EIQ.libpla001128
008 940330s1995####njua#####b####001#0#eng#d
005 20060807192900.0
245 1 0 |a Handbook of polymer-modified concrete and mortars :  |b properties and process technology /  |c by Yoshihiko Ohama. 
260 |a Park Ridge, N.J. :  |b Noyes Publications,  |c c1995. 
300 |a x, 236 p. :  |b il. ;  |c 25 cm. 
504 |a Incluye referencias bibliográficas e índice. 
020 |a 0815513585 
100 1 |a Ohama, Yoshihiko. 
082 0 0 |a 620.1/3  |2 20 
650 4 |a Polímeros  |x Propiedades. 
650 4 |a Polymers  |x Properties. 
010 |a  94015235  
040 |a DLC  |c DLC  |d AR-BbSID 
856 4 2 |3 Descripción  |u http://www.loc.gov/catdir/description/wap041/94015235.html 
856 4 1 |3 Tabla de contenido  |u http://www.loc.gov/catdir/toc/wap041/94015235.html 
859 |a AR-BbSID  |b BIB. PLAPIQUI  |h 620.13  |i Oh 1  |p 5456